00436nam a2200145Ia 4500100002500000942000700025654004500032245004700077260002200124082001500146300000800161546001200169999001700181952009200198 aWhitmore/ Dennis. A  cBK aMeasurement & Control of Indirect Work aMeasurement & Control of Indirect Work bHeinemannaLondon a658.8bWHI a275 aENGLISH c29100d29100 001040708PTaCRCEbCRCEd2023-03-17l0o658.8 WHIpPT452r2023-03-17w2023-03-17yBK